<?xml version="1.0" encoding="UTF-8"?>
<record
    xmlns:xsi="http://www.w3.org/2001/XMLSchema-instance"
    xsi:schemaLocation="http://www.loc.gov/MARC21/slim http://www.loc.gov/standards/marcxml/schema/MARC21slim.xsd"
    xmlns="http://www.loc.gov/MARC21/slim">

  <leader>03220nam0a22004931  4500</leader>
  <controlfield tag="001">v19\rc\2110860</controlfield>
  <controlfield tag="005">20260507132242.0</controlfield>
  <datafield tag="035" ind1=" " ind2=" ">
    <subfield code="a">(NLR Aleph) 005181903</subfield>
  </datafield>
  <datafield tag="090" ind1=" " ind2=" ">
    <subfield code="a">5138406</subfield>
    <subfield code="c">5138406</subfield>
  </datafield>
  <datafield tag="100" ind1=" " ind2=" ">
    <subfield code="a">20090914d1811    m  y0rusy50      ca</subfield>
  </datafield>
  <datafield tag="101" ind1="1" ind2=" ">
    <subfield code="a">rus</subfield>
    <subfield code="c">ger</subfield>
  </datafield>
  <datafield tag="102" ind1=" " ind2=" ">
    <subfield code="a">RU</subfield>
  </datafield>
  <datafield tag="105" ind1=" " ind2=" ">
    <subfield code="a">ab z |||||</subfield>
  </datafield>
  <datafield tag="140" ind1=" " ind2=" ">
    <subfield code="a">y   jz  eka        yaa0000  </subfield>
  </datafield>
  <datafield tag="200" ind1="1" ind2=" ">
    <subfield code="a">&#x41F;&#x440;&#x430;&#x43A;&#x442;&#x438;&#x447;&#x435;&#x441;&#x43A;&#x43E;&#x435; &#x440;&#x443;&#x43A;&#x43E;&#x432;&#x43E;&#x434;&#x441;&#x442;&#x432;&#x43E; &#x43A; &#x443;&#x441;&#x442;&#x440;&#x43E;&#x435;&#x43D;&#x438;&#x44E; &#x441;&#x443;&#x434;&#x43E;&#x445;&#x43E;&#x434;&#x43D;&#x44B;&#x445; &#x43A;&#x430;&#x43D;&#x430;&#x43B;&#x43E;&#x432;</subfield>
    <subfield code="e">&#x441; &#x43F;&#x43E;&#x43A;&#x430;&#x437;&#x430;&#x43D;&#x438;&#x435;&#x43C; &#x43A;&#x430;&#x43A;&#x438;&#x43C; &#x43E;&#x431;&#x440;&#x430;&#x437;&#x43E;&#x43C; &#x43F;&#x440;&#x43E;&#x432;&#x43E;&#x434;&#x438;&#x442;&#x44C; &#x43E;&#x43D;&#x44B;&#x435;, &#x443;&#x447;&#x440;&#x435;&#x436;&#x434;&#x430;&#x442;&#x44C; &#x438; &#x441;&#x442;&#x440;&#x43E;&#x438;&#x442;&#x44C; &#x448;&#x43B;&#x44E;&#x437;&#x44B; &#x438; &#x43F;&#x440;&#x43E;&#x447;&#x438;&#x44F; &#x433;&#x438;&#x434;&#x440;&#x430;&#x443;&#x43B;&#x438;&#x447;&#x435;&#x441;&#x43A;&#x438;&#x44F; &#x437;&#x434;&#x430;&#x43D;&#x438;&#x44F;, &#x438; &#x441;&#x43E;&#x447;&#x438;&#x43D;&#x44F;&#x442;&#x44C; &#x441;&#x43C;&#x435;&#x442;&#x44B; &#x438;&#x437;&#x434;&#x435;&#x440;&#x436;&#x43A;&#x430;&#x43C;.</subfield>
    <subfield code="e">&#x41F;&#x440;&#x438; &#x447;&#x435;&#x43C; &#x43E;&#x441;&#x43E;&#x431;&#x435;&#x43D;&#x43D;&#x43E; &#x43F;&#x440;&#x435;&#x434;&#x43B;&#x430;&#x433;&#x430;&#x435;&#x442;&#x441;&#x44F; &#x434;&#x43B;&#x44F; &#x43F;&#x440;&#x438;&#x43C;&#x435;&#x440;&#x430;, &#x41B;&#x430;&#x43D;&#x433;&#x435;&#x434;&#x43E;&#x43A;&#x441;&#x43A;&#x438;&#x439; &#x43A;&#x430;&#x43D;&#x430;&#x43B; &#x441; &#x43F;&#x440;&#x435;&#x432;&#x43E;&#x441;&#x445;&#x43E;&#x434;&#x43D;&#x44B;&#x43C;&#x438; &#x441;&#x432;&#x43E;&#x438;&#x43C;&#x438; &#x441;&#x442;&#x440;&#x43E;&#x435;&#x43D;&#x438;&#x44F;&#x43C;&#x438;, &#x43F;&#x43E; &#x43E;&#x43F;&#x438;&#x441;&#x430;&#x43D;&#x438;&#x44E; &#x433;. &#x434;&#x435; &#x43B;&#x430; &#x41B;&#x430;&#x43D;&#x434;&#x430;</subfield>
    <subfield code="f">&#x441;&#x43E;&#x447;&#x438;&#x43D;&#x435;&#x43D;&#x43D;&#x43E;&#x435; &#x418;.&#x41B;. &#x413;&#x43E;&#x433;&#x440;&#x435;&#x432;&#x43E;&#x43C;.</subfield>
    <subfield code="g">&#x421; &#x43F;&#x440;&#x438;&#x43B;&#x43E;&#x436;&#x435;&#x43D;&#x438;&#x435;&#x43C; &#x43A;&#x430;&#x440;&#x442;&#x44B; &#x41B;&#x430;&#x43D;&#x433;&#x435;&#x434;&#x43E;&#x43A;&#x441;&#x43A;&#x430;&#x433;&#x43E; &#x43A;&#x430;&#x43D;&#x430;&#x43B;&#x430; &#x438; 17 &#x447;&#x435;&#x440;&#x442;&#x435;&#x436;&#x435;&#x439;.</subfield>
    <subfield code="g">&#x41D;&#x430;&#x43F;&#x435;&#x447;&#x430;&#x442;&#x430;&#x43D;&#x43E; &#x43F;&#x43E; &#x432;&#x44B;&#x441;&#x43E;&#x447;&#x430;&#x439;&#x448;&#x435;&#x43C;&#x443; &#x43F;&#x43E;&#x432;&#x435;&#x43B;&#x435;&#x43D;&#x438;&#x44E;</subfield>
  </datafield>
  <datafield tag="210" ind1=" " ind2=" ">
    <subfield code="a">&#x412; &#x421;&#x430;&#x43D;&#x43A;&#x442;&#x43F;&#x435;&#x442;&#x435;&#x440;&#x431;&#x443;&#x440;&#x433;&#x435;</subfield>
    <subfield code="c">&#x432; &#x442;&#x438;&#x43F;&#x43E;&#x433;&#x440;&#x430;&#x444;&#x438;&#x438; &#x428;&#x43D;&#x43E;&#x440;&#x430;</subfield>
    <subfield code="d">1811</subfield>
  </datafield>
  <datafield tag="215" ind1=" " ind2=" ">
    <subfield code="a">[4], XIV, 401, [1] &#x441;., XVIII &#x43B;. &#x447;&#x435;&#x440;&#x442;., &#x43A;&#x430;&#x440;&#x442;.</subfield>
    <subfield code="d">4&#xB0;</subfield>
  </datafield>
  <datafield tag="300" ind1=" " ind2=" ">
    <subfield code="a">&#x418;&#x43C;&#x435;&#x435;&#x442;&#x441;&#x44F; &#x432;&#x430;&#x440;. 2 &#x442;&#x438;&#x442;. &#x43B;. &#x441; &#x443;&#x43A;&#x430;&#x437;&#x430;&#x43D;&#x438;&#x435;&#x43C; &#x43F;&#x435;&#x440;&#x435;&#x432;&#x43E;&#x434;&#x447;&#x438;&#x43A;&#x430; &#x43F;&#x43E;&#x441;&#x43B;&#x435; &#x444;&#x430;&#x43C;&#x438;&#x43B;&#x438;&#x438; &#x430;&#x432;&#x442;&#x43E;&#x440;&#x430;: &#x421; &#x43D;&#x435;&#x43C;&#x435;&#x446;&#x43A;&#x430;&#x433;&#x43E; &#x44F;&#x437;&#x44B;&#x43A;&#x430; &#x43F;&#x435;&#x440;&#x435;&#x432;&#x435;&#x43B; I &#x41A;&#x430;&#x434;&#x435;&#x442;&#x441;&#x43A;&#x430;&#x433;&#x43E; &#x43A;&#x43E;&#x440;&#x43F;&#x443;&#x441;&#x430; &#x43F;&#x43E;&#x434;&#x43F;&#x43E;&#x43B;&#x43A;&#x43E;&#x432;&#x43D;&#x438;&#x43A; &#x412;&#x430;&#x441;&#x438;&#x43B;&#x438;&#x439; &#x412;&#x43E;&#x440;&#x43E;&#x43D;&#x43E;&#x432;</subfield>
  </datafield>
  <datafield tag="300" ind1=" " ind2=" ">
    <subfield code="a">&#x41F;&#x43E;&#x441;&#x432;&#x44F;&#x449;. &#x43F;&#x435;&#x440;. &#x410;&#x43B;&#x435;&#x43A;&#x441;&#x430;&#x43D;&#x434;&#x440;&#x443; I &#x43D;&#x430; &#x441;.[3]</subfield>
  </datafield>
  <datafield tag="300" ind1=" " ind2=" ">
    <subfield code="a">&#x41A;&#x430;&#x440;&#x442;&#x430; &#x438; &#x447;&#x435;&#x440;&#x442;. - &#x440;&#x435;&#x437;&#x446;. &#x433;&#x440;&#x430;&#x432;. &#x412;.&#x41F;.&#x41F;&#x44F;&#x434;&#x44B;&#x448;&#x435;&#x432;&#x430;, &#x410;.&#x41C;.&#x41A;&#x430;&#x43B;&#x430;&#x448;&#x43D;&#x438;&#x43A;&#x43E;&#x432;&#x430; &#x438; &#x434;&#x440;.</subfield>
  </datafield>
  <datafield tag="316" ind1=" " ind2=" ">
    <subfield code="a">&#x42D;&#x43A;&#x437;. &#x420;&#x41D;&#x411; (140/73): &#x412;&#x430;&#x440;.1</subfield>
    <subfield code="5">NLR: 140/73</subfield>
  </datafield>
  <datafield tag="316" ind1=" " ind2=" ">
    <subfield code="a">&#x42D;&#x43A;&#x437;. &#x420;&#x41D;&#x411; (18.77.2.49): &#x412;&#x430;&#x440;.2</subfield>
    <subfield code="5">NLR: 18.77.2.49</subfield>
  </datafield>
  <datafield tag="316" ind1=" " ind2=" ">
    <subfield code="a">&#x42D;&#x43A;&#x437;. &#x420;&#x41D;&#x411; (&#x420;&#x417;&#x424; 18 &#x432;. 7/446): &#x412;&#x430;&#x440;.2</subfield>
    <subfield code="5">NLR: &#x420;&#x417;&#x424; 18 &#x432;. 7/446</subfield>
  </datafield>
  <datafield tag="317" ind1=" " ind2=" ">
    <subfield code="a">&#x42D;&#x43A;&#x437;. &#x420;&#x41D;&#x411; (18.77.2.49) &#x438;&#x437; &#x42D;&#x440;&#x43C;&#x438;&#x442;&#x430;&#x436;. &#x431;-&#x43A;&#x438;</subfield>
    <subfield code="5">NLR: 18.77.2.49</subfield>
  </datafield>
  <datafield tag="321" ind1="1" ind2=" ">
    <subfield code="a">&#x421;&#x41A; 1801-1825 1801</subfield>
  </datafield>
  <datafield tag="620" ind1=" " ind2=" ">
    <subfield code="d">&#x421;&#x430;&#x43D;&#x43A;&#x442;-&#x41F;&#x435;&#x442;&#x435;&#x440;&#x431;&#x443;&#x440;&#x433;</subfield>
  </datafield>
  <datafield tag="700" ind1=" " ind2="1">
    <subfield code="6">z01790</subfield>
    <subfield code="a">&#x413;&#x43E;&#x433;&#x440;&#x435;&#x432;&#x435;</subfield>
    <subfield code="b">&#x418;. &#x41B;.</subfield>
    <subfield code="f">1737-1814</subfield>
    <subfield code="g">&#x418;&#x43E;&#x433;&#x430;&#x43D;&#x43D; &#x41B;&#x44E;&#x434;&#x432;&#x438;&#x433;</subfield>
  </datafield>
  <datafield tag="702" ind1=" " ind2="0">
    <subfield code="a">&#x410;&#x43B;&#x435;&#x43A;&#x441;&#x430;&#x43D;&#x434;&#x440;</subfield>
    <subfield code="c">&#x438;&#x43C;&#x43F;&#x435;&#x440;&#x430;&#x442;&#x43E;&#x440; &#x440;&#x43E;&#x441;&#x441;&#x438;&#x439;&#x441;&#x43A;&#x438;&#x439;</subfield>
    <subfield code="d">I</subfield>
    <subfield code="f">1777-1825</subfield>
    <subfield code="3">RU\NLR\AUTH\775342</subfield>
    <subfield code="4">280</subfield>
  </datafield>
  <datafield tag="702" ind1=" " ind2="1">
    <subfield code="a">&#x412;&#x43E;&#x440;&#x43E;&#x43D;&#x43E;&#x432;</subfield>
    <subfield code="b">&#x412;. &#x418;.</subfield>
    <subfield code="g">&#x412;&#x430;&#x441;&#x438;&#x43B;&#x438;&#x439; &#x418;.</subfield>
    <subfield code="4">730</subfield>
  </datafield>
  <datafield tag="702" ind1=" " ind2="1">
    <subfield code="a">&#x41A;&#x430;&#x43B;&#x430;&#x448;&#x43D;&#x438;&#x43A;&#x43E;&#x432;</subfield>
    <subfield code="b">&#x410;. &#x41C;.</subfield>
    <subfield code="c">&#x433;&#x440;&#x430;&#x432;&#x451;&#x440;</subfield>
    <subfield code="g">&#x410;&#x43B;&#x435;&#x43A;&#x441;&#x430;&#x43D;&#x434;&#x440; &#x41C;&#x438;&#x445;&#x430;&#x439;&#x43B;&#x43E;&#x432;&#x438;&#x447;</subfield>
    <subfield code="3">RU\NLR\AUTH\770293337</subfield>
    <subfield code="4">350</subfield>
  </datafield>
  <datafield tag="702" ind1=" " ind2="1">
    <subfield code="a">&#x41F;&#x44F;&#x434;&#x44B;&#x448;&#x435;&#x432;</subfield>
    <subfield code="b">&#x412;. &#x41F;.</subfield>
    <subfield code="f">1758-1835</subfield>
    <subfield code="g">&#x412;&#x430;&#x441;&#x438;&#x43B;&#x438;&#x439; &#x41F;&#x435;&#x442;&#x440;&#x43E;&#x432;&#x438;&#x447;</subfield>
    <subfield code="4">350</subfield>
  </datafield>
  <datafield tag="702" ind1=" " ind2="1">
    <subfield code="a">&#x428;&#x43D;&#x43E;&#x440;</subfield>
    <subfield code="b">&#x418;. &#x41A;.</subfield>
    <subfield code="f">1738-1812</subfield>
    <subfield code="g">&#x418;&#x43E;&#x433;&#x430;&#x43D;&#x43D; &#x41A;&#x430;&#x440;&#x43B;</subfield>
    <subfield code="3">RU\NLR\AUTH\770158276</subfield>
    <subfield code="4">610</subfield>
  </datafield>
  <datafield tag="712" ind1="0" ind2="0">
    <subfield code="a">&#x428;&#x43D;&#x43E;&#x440;,</subfield>
    <subfield code="g">&#x418;. K.,</subfield>
    <subfield code="h">&#x442;&#x438;&#x43F;&#x43E;&#x433;&#x440;&#x430;&#x444;&#x438;&#x44F;</subfield>
    <subfield code="c">&#x41F;&#x435;&#x442;&#x435;&#x440;&#x431;&#x443;&#x440;&#x433;</subfield>
    <subfield code="3">RU\NLR\AUTH\8810035686</subfield>
    <subfield code="4">610</subfield>
  </datafield>
  <datafield tag="790" ind1=" " ind2="1">
    <subfield code="6">z01700</subfield>
    <subfield code="a">&#x413;&#x43E;&#x433;&#x440;&#x435;&#x432;</subfield>
  </datafield>
  <datafield tag="801" ind1=" " ind2="0">
    <subfield code="a">RU</subfield>
    <subfield code="b">NLR</subfield>
    <subfield code="g">psbo</subfield>
  </datafield>
  <datafield tag="801" ind1=" " ind2="1">
    <subfield code="a">RU</subfield>
    <subfield code="b">ProSoft-M</subfield>
    <subfield code="2">rusmarc</subfield>
  </datafield>
  <datafield tag="801" ind1=" " ind2="2">
    <subfield code="a">RU</subfield>
    <subfield code="b">NLR</subfield>
    <subfield code="c">20160120</subfield>
    <subfield code="2">rusmarc</subfield>
  </datafield>
  <datafield tag="852" ind1=" " ind2=" ">
    <subfield code="a">NLR</subfield>
    <subfield code="j">18.77.2.49</subfield>
    <subfield code="y">&#x412;&#x430;&#x440;.2</subfield>
  </datafield>
  <datafield tag="852" ind1=" " ind2=" ">
    <subfield code="a">NLR</subfield>
    <subfield code="j">140/73</subfield>
    <subfield code="y">&#x412;&#x430;&#x440;.1</subfield>
  </datafield>
  <datafield tag="852" ind1=" " ind2=" ">
    <subfield code="a">NLR</subfield>
    <subfield code="b">&#x420;&#x417;&#x424;</subfield>
    <subfield code="j">18 &#x432;. 7/446</subfield>
    <subfield code="y">&#x412;&#x430;&#x440;.2</subfield>
  </datafield>
  <datafield tag="942" ind1=" " ind2=" ">
    <subfield code="c">BOOK</subfield>
  </datafield>
  <datafield tag="980" ind1="9" ind2=" ">
    <subfield code="a">kprsl</subfield>
  </datafield>
  <datafield tag="980" ind1=" " ind2=" ">
    <subfield code="a">NB</subfield>
  </datafield>
  <datafield tag="995" ind1=" " ind2=" ">
    <subfield code="5">2013-10-26</subfield>
    <subfield code="b">NLR02</subfield>
    <subfield code="c">NLR02</subfield>
    <subfield code="e">RFS</subfield>
    <subfield code="f">1-3724993</subfield>
    <subfield code="k">18.77.2.49</subfield>
    <subfield code="o">0</subfield>
    <subfield code="r">BOOK</subfield>
    <subfield code="s">1877249_</subfield>
  </datafield>
  <datafield tag="995" ind1=" " ind2=" ">
    <subfield code="5">2013-10-26</subfield>
    <subfield code="b">NLR02</subfield>
    <subfield code="c">NLR02</subfield>
    <subfield code="e">RFS</subfield>
    <subfield code="f">5181903-20</subfield>
    <subfield code="k">140/73</subfield>
    <subfield code="o">0</subfield>
    <subfield code="r">BOOK</subfield>
    <subfield code="s">14073_</subfield>
  </datafield>
  <datafield tag="995" ind1=" " ind2=" ">
    <subfield code="5">2024-10-11</subfield>
    <subfield code="b">NLR01</subfield>
    <subfield code="c">NLR01</subfield>
    <subfield code="e">RZF</subfield>
    <subfield code="f">5181903-30</subfield>
    <subfield code="k">&#x420;&#x417;&#x424; 18 &#x432;. 7/446</subfield>
    <subfield code="o">0</subfield>
    <subfield code="r">BOOK</subfield>
    <subfield code="s">_187446</subfield>
  </datafield>
</record>
